00643nam a22001937a 450000500170000001000150001702000260003203500140005803700130007208200150008510000260010024500860012626000490021227000720026130000220033350000510035570000250040670000180043120240112143700.0 aENG-138876 a9789385932939c850.00 aEN-122408 bDBAD/PUB a305.420954 aMangubhai, Jayshree P aA Foot in the Door/cJayshree P Mangubhai, Aloysius Irudayam SJ and Emma Sydenham c2020bZubaan Publishers Pvt. Ltd.aNew Delhi a128 b Shahpur Jat, 1st FloorbNEW DELHIe110049mwww.zubaanbook.com c23cm(hbk)a352p.  aIncludes bibliographical references and index  aAloysius Irudayam SJ aEmma Sydenham